[Event "Biel"]
[Site "29"]
[Date "1996.07.23"]
[Round "2"]
[White "Karpov, Anatoly"]
[Black "Almasi, Zoltan"]
[Result "1-0"]
[WhiteElo "2775"]
[BlackElo "2655"]
[Annotator "JvR"]
[PlyCount "99"]
[EventDate "1996.07.22"]
[SourceDate "2013.10.27"]

1. d4 Nf6 2. c4 e6 3. Nf3 b6 4. g3 Ba6 5. b3 Bb4+ 6. Bd2 Be7 7. Bg2 c6 8. Bc3
d5 9. Ne5 Nfd7 10. Nxd7 Nxd7 11. Nd2 f5 12. Rc1 O-O 13. O-O Rc8 14. Bb2 Bd6 15.
a3 $5 Qe7 16. Rc2 Nf6 ({Karpov has analyzed} 16... Bxa3 $2 17. Bxa3 Qxa3 18.
Qa1 Qxa1 19. Rxa1 Nb8 20. Rca2) 17. Qc1 Kh8 $5 18. e3 Ne4 19. Rd1 Bb7 20. b4
Bb8 $5 21. Bf1 Qe8 22. a4 a6 23. Nxe4 fxe4 24. b5 axb5 25. cxb5 Bd6 $5 26. Ba3
Bxa3 $6 ({Preferable is} 26... Qe7 27. Bxd6 Qxd6) 27. Qxa3 Qf7 28. Rdc1 $1 c5
$5 29. dxc5 Rxc5 30. a5 $6 (30. Qb2 $1 {keeps an edge.}) 30... Rxc2 31. Rxc2
bxa5 32. b6 d4 $2 ({Better is} 32... Qf6 $1 33. Bh3 e5 34. Qxa5 d4) 33. exd4 e5
$2 (33... Bd5 $1 34. Ba6 Kg8 35. Rb2 Rb8 36. b7 Qc7 {defends properly.}) 34.
Bc4 $1 Qe8 35. d5 Qd8 36. Qxa5 e3 37. fxe3 Qf6 38. Qb4 h5 39. e4 Qf3 40. Qe1
Qf6 41. Qe3 Qg6 42. Rf2 Rc8 43. Bb5 Rd8 44. h4 Rd6 45. Rf8+ Kh7 46. Be8 Qg4 47.
Qf3 Rxb6 48. Bxh5 Qh3 49. Qf5+ Qxf5 50. exf5 {
Karpov attacked on the queenside and moved to the other flank.} 1-0

[Event "Biel"]
[Site "29"]
[Date "1996.07.26"]
[Round "4"]
[White "Milov, Vadim"]
[Black "Andersson, Ulf"]
[Result "0-1"]
[WhiteElo "2565"]
[BlackElo "2640"]
[Annotator "JvR"]
[PlyCount "162"]
[EventDate "1996.07.22"]
[SourceDate "2013.10.27"]

1. d4 e6 2. c4 Nf6 3. Nc3 Bb4 4. e3 c5 5. Bd3 Nc6 6. Nge2 d5 7. cxd5 Nxd5 8. a3
cxd4 9. exd4 Bd6 10. Bc2 Bd7 $5 11. Ne4 Be7 12. O-O O-O 13. Qd3 g6 14. Bh6 Re8
15. Rad1 Rc8 16. Bb3 a6 17. Qg3 Nf6 18. N2c3 Qb6 19. Qf3 Nxe4 20. Nxe4 Nxd4 21.
Rxd4 $2 {Milov should postpone this move.} ({Right is} 21. Nf6+ $1 Kh8 22. Rxd4
Qxd4 23. Nxe8 Bxe8 24. Qxb7 {and White has an advantage.}) 21... Qxd4 22. Rd1
Qxb2 23. Rxd7 Red8 24. Rxd8+ ({Not} 24. Rxe7 $4 Rc1+) 24... Rxd8 25. g3 Qb1+ $2
(25... Rd4 $1 26. Bd1 Qa1 27. Nc3 Rd7 {wins for Black.}) 26. Kg2 Qd3 27. Nf6+
$1 Kh8 28. Qxb7 $1 Bxf6 29. Qxf7 Qe4+ 30. Kh3 $2 (30. Kg1 $1 Qe5 31. Bf8 Bg7
32. Bxg7+ Qxg7 33. Qxe6 {creates new chances.}) 30... Qf5+ 31. Kg2 Bd4 $1 32.
Bxe6 Qxf7 33. Bxf7 Rc8 34. f4 Rc3 35. a4 Ra3 36. Be8 Ra2+ 37. Kh1 $1 Rc2 38.
Bd7 Bg7 39. Bg5 Kg8 40. f5 Be5 41. fxg6 hxg6 42. Bh3 Kf7 43. Bf1 a5 $1 44. Bd3
Rb2 45. Bc4+ Kg7 46. Bd8 Bc3 47. Bb5 Kf7 48. Bc4+ Ke8 49. Bg5 Kd7 50. Bf4 Ke7
51. Bb5 Kf6 52. Bc7 Rd2 53. Bf4 Ra2 54. Bc7 Kf5 55. Bd7+ Ke4 56. Bc6+ Ke3 57.
Bf4+ $2 ({Better is} 57. h4) 57... Kf2 $1 58. h4 Re2 59. Kh2 Be5 60. Bxe5 Rxe5
{White has lost the advantage of the two bishops.} 61. g4 $5 Re3 62. g5 Re6 63.
Bd7 Rd6 64. Be8 Kf3 65. h5 gxh5 66. Bxh5+ Kf4 67. Be8 Kxg5 68. Kg3 Rf6 $1 {
Black wins the endgame.} 69. Bb5 Rf5 (69... Kg6 $1 {wins at once (Hecht).}) 70.
Bc6 Rf6 71. Be8 Kh6 $1 72. Kg4 Kg7 $1 73. Bd7 Rf2 74. Kg3 Rf7 75. Be8 Rf6 76.
Kg4 Kf8 $1 77. Bb5 Ke7 78. Kg3 Kd6 79. Kg4 Kc5 80. Kg3 Kb4 81. Kg4 Rf2 {
Black is going to capture pawn a4 and wins by one tempo. Andersson played a
fine endgame.} 0-1

[Event "Biel"]
[Site "29"]
[Date "1996.07.27"]
[Round "5"]
[White "Glek, Igor"]
[Black "Milov, Vadim"]
[Result "0-1"]
[WhiteElo "2670"]
[BlackElo "2565"]
[Annotator "JvR"]
[PlyCount "96"]
[EventDate "1996.07.22"]
[SourceDate "2013.10.27"]

1. e4 c5 2. Nf3 Nc6 3. Bb5 e6 4. O-O Nge7 5. Re1 Nd4 6. Nxd4 cxd4 7. d3 a6 8.
Ba4 Nc6 9. Nd2 b5 $5 (9... Be7 10. Qh5 g6 {
lappened in Morozevich - Milov, Tilburg 1994.}) 10. Bb3 g6 $5 11. Nf3 Bg7 {
He overprotects pawn d4.} 12. Bg5 Qc7 13. Rc1 O-O 14. Qd2 a5 15. a4 b4 16. Bh6
Ba6 $1 17. Bxg7 Kxg7 18. c3 Qd6 $1 19. c4 {Glek plays for a win.} Qc5 $5 20. e5
f6 21. exf6+ Rxf6 22. Ng5 Rf5 23. Ne4 Qe7 24. Ng3 Rf7 25. Re4 Raf8 26. f3 Bb7
27. Rce1 Qc5 28. Bd1 e5 $5 29. Qg5 $2 ({Preferable is} 29. R4e2 Qe7 30. Ne4)
29... d6 $1 30. Rh4 Nd8 $1 31. Qh6+ Kg8 32. Ne4 Bxe4 33. fxe4 {
White's iniiative had no effect.} Re8 34. Bg4 Qc7 35. Rh3 Nb7 36. b3 Nc5 $1 {
Black has a superior blockade.} 37. Bd1 Ref8 38. Rg3 $2 ({Better is} 38. Qd2 {
(Milov)} Qa7 39. Qe2) 38... Rf4 $1 39. h3 Qg7 $1 40. Qxg7+ Kxg7 41. Rf3 (41.
Bc2 Rf2 42. Rc1 Rd2 {is hopeless for White as well..}) 41... Rxf3 42. gxf3 Nxd3
43. Rf1 g5 44. Kg2 Rf4 45. Be2 Nc5 46. Rb1 Kf6 47. Rb2 h5 48. Bd1 g4 {
Pawn e4 falls. Milov came back in the fifth round.} 0-1

[Event "Biel"]
[Site "29"]
[Date "1996.07.27"]
[Round "5"]
[White "Onischuk, Alexander"]
[Black "Karpov, Anatoly"]
[Result "0-1"]
[WhiteElo "2605"]
[BlackElo "2775"]
[Annotator "JvR"]
[PlyCount "66"]
[EventDate "1996.07.22"]
[SourceDate "2013.10.27"]

1. d4 Nf6 2. c4 e6 3. Nc3 Bb4 4. e3 c5 5. Bd3 d5 6. Nge2 cxd4 7. exd4 Nc6 8.
cxd5 Nxd5 9. O-O O-O 10. Bc2 Re8 11. Qd3 g6 12. a3 Bf8 13. Re1 $6 Nxc3 14. bxc3
e5 $1 15. Be3 Bf5 $1 16. Qd1 Bxc2 17. Qxc2 Rc8 18. Qa4 b6 19. Red1 $6 ({
Preferable is} 19. Qa6 exd4 20. cxd4) 19... Qd5 20. c4 Qa5 21. Qb5 a6 22. Qd5
exd4 23. Nxd4 Ne5 24. Nb3 Qa4 25. c5 b5 26. Rd4 Nc4 27. Rf4 Rxe3 $4 ({Right is
} 27... Re7 $1 28. Nd2 Nxe3 29. fxe3 Qc2 {and Black wins.}) 28. fxe3 $4 {
The tables turn again.} ({Later Karpov finds} 28. Qxf7+ $1 Kh8 29. Rh4 h6 30.
Qf6+ Kh7 31. Rg4 $1 g5 32. fxe3 Qxb3 33. Qf5+ Kg8 34. Qxc8 {and White wins.})
28... Qxb3 29. Qxf7+ Kh8 30. Re4 $2 Nd2 31. Re6 Ne4 32. h4 Qxe3+ 33. Kh1 Qd4 {
Karpov scored a lucky victory.} 0-1

[Event "Biel"]
[Site "29"]
[Date "1996.07.27"]
[Round "5"]
[White "Tukmakov, Vladimir"]
[Black "Ehlvest, Jaan"]
[Result "0-1"]
[WhiteElo "2580"]
[BlackElo "2660"]
[Annotator "JvR"]
[PlyCount "92"]
[EventDate "1996.07.22"]
[SourceDate "2013.10.27"]

1. d4 g6 2. c4 Bg7 3. Nf3 d6 4. g3 c5 5. Bg2 Nc6 6. dxc5 Qa5+ 7. Nbd2 Qxc5 8.
O-O Nf6 9. b3 Qh5 10. Bb2 O-O 11. Re1 Rd8 $5 ({Usual is} 11... Bh3) 12. Qc2 Bh3
13. Rad1 Rac8 14. Qb1 $5 (14. Bxh3 Qxh3 15. Nf1 {equalises.}) 14... a6 15. Qa1
$6 {He makes an odd manoeuvre.} b5 $1 16. Rc1 Bxg2 17. Kxg2 a5 $1 18. h3 Qc5
19. cxb5 Qxb5 20. Nc4 a4 $1 21. bxa4 Qa6 22. Ne3 $5 e5 $1 23. a3 Bh6 24. Rc3
Na5 25. Ng4 Nxg4 26. hxg4 Nc4 $1 {Ehlvest attacks.} 27. e4 Qxa4 28. Bc1 Bg7 29.
Bg5 Re8 30. Rd3 $6 ({Preferable is} 30. Qd1 Qa8 31. Qb3) 30... Qd7 31. Nh2 {
Tukmakov defends stubbornly.} Qe6 32. Re2 Ra8 33. Bc1 Ra5 34. Qa2 Rc8 35. Qb3
d5 $1 36. exd5 Rxd5 37. Rxd5 Qxd5+ 38. Qf3 $5 Qd1 39. Bf4 $2 ({Correct is} 39.
Bg5 $1 {(Ehlvest)} Qd6 40. Bc1) 39... h6 $1 40. Nf1 Rd8 41. Re4 ({The pointe is
} 41. Be3 e4 $1) 41... Qxf3+ 42. Kxf3 Nd6 $1 {White has to lose material.} 43.
Rxe5 Bxe5 44. Bxe5 Nc4 45. Bf4 g5 46. Be3 Ne5+ {
Ehlvest won a fine positional game.} 0-1

[Event "Biel"]
[Site "29"]
[Date "1996.07.28"]
[Round "6"]
[White "Miles, Anthony"]
[Black "Glek, Igor"]
[Result "0-1"]
[WhiteElo "2630"]
[BlackElo "2670"]
[Annotator "JvR"]
[PlyCount "76"]
[EventDate "1996.07.22"]
[SourceDate "2013.10.27"]

1. d4 Nf6 2. Nf3 g6 3. c4 Bg7 4. Nc3 O-O 5. e4 d6 6. Be2 e5 7. O-O a5 8. Be3
Na6 9. h3 exd4 10. Bxd4 $5 ({Usual is} 10. Nxd4) 10... Re8 11. Nd2 c6 12. Re1
Nc5 13. Bf1 Bd7 14. g3 $5 Ne6 15. Be3 c5 16. Nf3 Bc6 17. Nd2 $5 Nd7 18. a4 $5
h5 $1 {Glek takes the initiative on the kingside.} 19. h4 Ne5 20. f3 f5 21. Nd5
Rf8 22. Nf4 $6 (22. Qc2 {supports the centre.}) 22... Qe8 23. exf5 gxf5 24. Bf2
$2 (24. Ra3 $5 Nxf4 25. Bxf4 {keeps the position closed.}) 24... Nxf4 $1 25.
gxf4 {The g-file is opened.} Qg6+ $1 26. Kh1 ({Or} 26. Kh2 $5 Bxf3 $1 27. Nxf3
Ng4+ {(Glek).}) 26... Ng4 $1 27. Bg1 Qf6 $1 28. Kg2 Rae8 29. Kh3 Bh6 30. Ra2
Bxf4 31. b3 Qg6 32. Rxe8 Rxe8 33. Ne4 Rxe4 34. fxe4 Bxe4 35. Rg2 Bxg2+ $5 36.
Bxg2 Ne3 37. Bd5+ Kh7 38. Qf3 Qg4+ {
Miles will be mated by a pawn. He played a poor tournament.} 0-1

[Event "Biel"]
[Site "29"]
[Date "1996.07.30"]
[Round "8"]
[White "Almasi, Zoltan"]
[Black "Andersson, Ulf"]
[Result "1-0"]
[WhiteElo "2655"]
[BlackElo "2640"]
[Annotator "JvR"]
[PlyCount "83"]
[EventDate "1996.07.22"]
[SourceDate "2013.10.27"]

1. e4 c5 2. Nf3 e6 3. d4 cxd4 4. Nxd4 Nc6 5. Nc3 a6 6. Be3 Nf6 7. Bd3 d5 8.
exd5 exd5 9. Qd2 Be7 10. h3 O-O {
The game 'Golubev - Milov, Nikolaev 1995' ended as a draw in this position.}
11. O-O-O $5 Be6 12. g4 Rc8 13. Kb1 Bb4 14. a3 Ba5 15. g5 Ne8 $5 16. Nb3 Nd6
17. Bc5 Re8 18. Qf4 $1 Bc7 19. Qh4 g6 20. f4 {
White takes the initiative on the kingside.} Ne7 $5 21. Qf2 Qd7 22. h4 Bg4 23.
Rde1 $1 Bf5 24. Bxf5 $6 (24. h5 $1 Bxd3 25. cxd3 Ndf5 26. Qh2 $1 {
prepares a charge.}) 24... Ndxf5 $2 ({Better is} 24... Nexf5 $1 25. Qd2 Ng3)
25. h5 $1 Bd6 26. Bxd6 Qxd6 27. Qh2 h6 28. hxg6 fxg6 29. Nd4 $2 (29. gxh6 $1 {
attacks.}) 29... h5 $1 30. Re6 Qd7 31. Qh3 $1 Rc6 $5 32. Rf6 Rd6 33. Nxf5 Nxf5
34. Nxd5 $1 Rxd5 35. Rxg6+ Kf7 36. Rf6+ Ke7 37. c4 $5 Rd1+ 38. Rxd1 Qxd1+ 39.
Ka2 Nd4 40. Qc3 a5 $2 ({Right is} 40... Nc6 41. Rf5 Qd4) 41. Rb6 $2 (41. c5 $1
{wins immediately.}) 41... a4 $2 (41... Rb8 {prolongs the game.}) 42. Qa5 $1 {
Almasi won at last.} 1-0

[Event "Biel"]
[Site "29"]
[Date "1996.08.01"]
[Round "9"]
[White "Ehlvest, Jaan"]
[Black "Miles, Anthony"]
[Result "1-0"]
[WhiteElo "2660"]
[BlackElo "2630"]
[Annotator "JvR"]
[PlyCount "75"]
[EventDate "1996.07.22"]
[SourceDate "2013.10.27"]

1. Nf3 d5 2. d4 Nf6 3. c4 c6 4. Nc3 a6 5. a4 g6 6. e3 Bg7 7. Be2 O-O 8. O-O Bg4
9. Qb3 Ra7 10. a5 e6 11. h3 Bxf3 12. Bxf3 Nbd7 13. Rd1 $5 (13. Bd2 {
was played in Tisdall - Agdestein, Norway 1994.}) 13... Qc7 14. e4 dxe4 15.
Nxe4 Nxe4 16. Bxe4 e5 $6 ({Preferable is} 16... Raa8 $5 {(Ehlvest)} 17. Bf3 f5)
17. d5 f5 $5 18. Be3 Raa8 19. dxc6 bxc6 20. Bb6 $6 (20. c5+ Kh8 21. Qe6 {
gains an edge.}) 20... Qb7 21. c5+ Rf7 $5 22. Bb1 $1 Raf8 23. Ba2 Kh8 24. Qxf7
$1 Rxf7 25. Bxf7 Bf8 $2 ({Better is} 25... Bf6 $1 26. Be6 Nf8) 26. Be6 $1 Nf6
27. Rd8 Qe7 28. Bc4 Kg7 29. Rc8 Kh6 30. Rxc6 Ne4 31. Rc8 Qh4 32. c6 Be7 33. Bf1
Bc5 34. Bxc5 Nxc5 35. Rc1 Ne6 36. Re8 Ng5 37. Rc3 Ne4 38. Rc2 {
Miles lost again.} 1-0

[Event "Biel"]
[Site "29"]
[Date "1996.08.01"]
[Round "9"]
[White "Onischuk, Alexander"]
[Black "Lautier, Joel"]
[Result "0-1"]
[WhiteElo "2605"]
[BlackElo "2620"]
[Annotator "JvR"]
[PlyCount "94"]
[EventDate "1996.07.22"]
[SourceDate "2013.10.27"]

1. d4 Nf6 2. Nf3 e6 3. e3 b6 4. Bd3 Bb7 5. O-O Be7 6. b3 O-O 7. Bb2 c5 8. Nbd2
Nc6 9. dxc5 bxc5 10. e4 d6 11. Re1 Qc7 $5 12. a3 a5 $1 13. e5 dxe5 14. Nxe5
Nxe5 15. Bxe5 Qc6 16. f3 a4 17. Qe2 Rfd8 18. bxa4 $5 Qxa4 19. Nc4 Nd7 20. Bc7
$5 Rdc8 21. Bg3 Bd5 22. Rab1 $1 Qc6 23. Ne3 $6 ({Preferable is} 23. Red1 h5 24.
Bf2) 23... c4 $1 24. Nxd5 Bc5+ $1 25. Ne3 $1 cxd3 26. cxd3 Rxa3 27. Kh1 Bxe3
28. Qxe3 {White has a weak pawn.} Qd5 29. Red1 Rcc3 30. Qf4 $5 h6 $1 31. h4 $6
({Lautier suggests} 31. Qe4 Rxd3 32. Rxd3 Rxd3 33. Qxd5 exd5 $5 34. Kg1 Nc5 {
and Black has gained a pawn.}) 31... Rxd3 32. Rxd3 Rxd3 33. Kh2 Rd2 34. Ra1 Re2
35. Re1 Rb2 36. Qc1 Rd2 37. Bf4 Ra2 38. Qb1 Nf8 $1 39. Qe4 Qd8 $1 40. Be3 $5
Ng6 41. Kh3 Qa5 $1 42. Rc1 Re2 43. Qd4 $5 Qf5+ 44. Kg3 Ne5 45. Rg1 Nd3 46. Bc1
Kh7 $1 47. Rd1 Ne1 $1 ({Lautier has planned} 47... Ne1 $1 48. Rd2 Rxg2+ $1 49.
Rxg2 Qxf3+ 50. Kh2 Qxg2#) 0-1

[Event "Biel"]
[Site "29"]
[Date "1996.08.03"]
[Round "11"]
[White "Karpov, Anatoly"]
[Black "Romanishin, Oleg"]
[Result "1-0"]
[WhiteElo "2775"]
[BlackElo "2555"]
[Annotator "JvR"]
[PlyCount "65"]
[EventDate "1996.07.22"]
[SourceDate "2013.10.27"]

{Karpov and Milov shared the lead, when the last round began.} 1. d4 Nf6 2. c4
e6 3. Nf3 b6 4. a3 Bb7 5. Nc3 g6 6. Qd3 Bg7 7. e4 d6 8. Be2 O-O 9. O-O Nbd7 10.
Qc2 c5 $5 11. d5 e5 {He closes the position.} ({More active is} 11... Re8 $5)
12. g3 Nh5 13. Ne1 Ndf6 14. Ng2 Bc8 15. b4 Qd7 16. bxc5 bxc5 17. Rb1 Qh3 18.
Nb5 $1 Qd7 19. Bd2 a6 20. Nc3 Qh3 21. Na4 Ng4 22. Bxg4 Bxg4 23. f3 Nf6 $1 24.
Bg5 ({The pointe is} 24. fxg4 $2 Nxg4 25. Rf2 Qxh2+) 24... Bd7 25. Rb6 Rab8 26.
Rfb1 $1 (26. Rxa6 $6 Ra8 $1 27. Rxa8 Rxa8 {brings a counter.}) 26... Rxb6 27.
Nxb6 Rb8 28. Rb3 Ne8 29. Ne1 $1 Rb7 30. Nd3 Qh5 31. Nxd7 $1 Rxd7 $2 ({Better is
} 31... Rxb3 32. Qxb3 Qxg5 33. Qb8 Qe7 34. Qc8 Bh6 35. Nb8 Kf8 36. Nxa6 $1 {
and Karpov regards the position as won. However,} Qf6 $1 37. Nc7 $6 Qxf3 $1 38.
Qxe8+ Kg7 {draws.}) 32. h4 $1 Qxf3 33. Nf2 $1 {
Karpov had scored the needed win.} (33. Nf2 $1 Qh5 34. g4 {gains a queen.}) 1-0

[Event "Biel"]
[Site "29"]
[Date "1996.08.03"]
[Round "11"]
[White "Milov, Vadim"]
[Black "Miles, Anthony"]
[Result "1-0"]
[WhiteElo "2565"]
[BlackElo "2630"]
[Annotator "JvR"]
[PlyCount "53"]
[EventDate "1996.07.22"]
[SourceDate "2013.10.27"]

1. d4 e6 2. c4 b6 3. Nc3 Bb7 4. a3 g6 5. Nf3 Bg7 6. e4 Ne7 7. Be3 f5 $5 {
Miles continues the odd opening's choice.} 8. e5 h6 9. h4 d6 10. exd6 cxd6 11.
Bf4 a6 12. Be2 Ra7 $6 {The rook moves offside.} 13. O-O g5 $5 {
Black counters at a strange moment.} 14. hxg5 Ng6 $1 15. Bg3 $2 ({Better is} 
15. Be3 Bxf3 16. Bxf3 hxg5 {(Stohl)} 17. Bh5) 15... hxg5 16. Re1 $6 g4 $2 (
16... f4 $1 {gains a piece.}) 17. Bd3 $5 Kf7 $5 18. d5 Bxc3 $2 (18... gxf3 19.
Rxe6 Ne5 20. Bxf5 Bc8 {catches a rook.}) 19. dxe6+ $5 Kg8 $5 20. Bxf5 gxf3 $5
21. Bxg6 fxg2 $2 (21... Bf6 $1 22. Bxd6 Bc6 {tries to survive.}) 22. Bf7+ Kg7
23. Qg4+ Kf8 24. f3 $5 Bc8 $5 25. bxc3 Rxf7 26. Qd4 $1 Qf6 27. Bxd6+ {
Milov had played the tournament of his life.The final standings became: Karpov
and Milov 71/2/11, Ehlvest 7, Andersson, Almasi, Lautier and Glek 6, Portisch
51/2, Tukmakov 41/2, Romanishin and Onischuk 31/2, Miles 3. Karpov got the
first place on tie-break.} 1-0

[Event "Biel"]
[Site "30"]
[Date "1997.07.21"]
[Round "1"]
[White "Anand, Viswanathan"]
[Black "Lautier, Joel"]
[Result "1-0"]
[WhiteElo "2765"]
[BlackElo "2660"]
[Annotator "JvR"]
[PlyCount "49"]
[EventDate "1997.07.20"]
[SourceDate "2013.10.27"]

{The thirtieth Schachfestifal was played from 21 vii until 1 viii 1997. Six
men carried out double rounds. We follow the decided games by the stars, Anand
and Karpov.} 1. e4 d5 2. exd5 Qxd5 3. Nc3 Qa5 4. d4 Nf6 5. Nf3 c6 6. Bc4 Bf5 7.
Ne5 e6 8. g4 Bg6 9. h4 Nbd7 10. Nxd7 Nxd7 11. h5 Be4 12. Rh3 Bg2 13. Re3 Nb6
14. Bd3 Nd5 15. f3 $1 {
Anand improves the theory, although he has not prepared this line.} ({Known is
} 15. Rg3 Nxc3 16. bxc3 Bd5 {(Bauer - Prie, France 1996).}) 15... Bb4 $2 ({
An alternative is} 15... Nxe3 $5 16. Bxe3 Ba3 {(Mueller).}) 16. Kf2 $1 Bxc3 17.
bxc3 Qxc3 18. Rb1 Qxd4 19. Rxb7 {Anand notices the lack of defence for Black.}
Rd8 (19... Bh3 20. Rxf7 $1 c5 21. Rf5 $1 {wins for White (Lautier).}) 20. h6 $3
gxh6 $5 21. Bg6 $3 {A great move is made. Lautier experiences a nasty surprise.
} Ne7 ({The pointe is} 21... Qxd1 22. Rxe6+ Kf8 23. Bxh6+ Kg8 24. Bxf7#) 22.
Qxd4 Rxd4 23. Rd3 $1 Rd8 24. Rxd8+ Kxd8 25. Bd3 $1 {
Anand started with a wonderful win.} 1-0

[Event "Biel"]
[Site "30"]
[Date "1997.07.21"]
[Round "1"]
[White "Pelletier, Yannick"]
[Black "Karpov, Anatoly"]
[Result "0-1"]
[WhiteElo "2465"]
[BlackElo "2745"]
[Annotator "JvR"]
[PlyCount "76"]
[EventDate "1997.07.20"]
[SourceDate "2013.10.27"]

1. d4 Nf6 2. c4 e6 3. Nf3 b6 4. a3 Bb7 5. Nc3 d5 6. Bg5 Be7 7. Qa4+ Bc6 8. Qb3
dxc4 9. Qxc4 O-O 10. e3 Bb7 11. Be2 a6 $5 12. Rc1 Nbd7 13. O-O b5 14. Qa2 c5
15. Rfd1 Nd5 $1 16. Bxe7 Qxe7 17. dxc5 Nxc5 18. b4 Nxc3 19. Rxc3 Ne4 20. Rcd3
Bd5 21. Qb2 Rac8 22. Nd2 Nd6 23. f3 $5 Bc4 24. Nxc4 Nxc4 25. Qb3 Nb6 26. Bf1 h6
27. Rd6 $6 ({Preferable is} 27. e4) 27... Nd5 $1 {He imprisons a rook.} 28.
Rxa6 Rc3 29. Qb2 Rfc8 $1 30. e4 $5 Ne3 $1 31. Re1 Nxf1 $1 32. Rxf1 Rc2 {
Black attacks!} 33. Qe5 Rd8 $1 34. Qxb5 $2 (34. Kh1 $1 Rdd2 35. Ra8+ Kh7 36.
Rg1 {defends the king.}) 34... Rdd2 $1 35. Qb8+ Kh7 36. Qg3 Qd7 $1 37. Ra5 Qd4+
38. Kh1 Rd1 $1 {Karpov scored a solid game.} 0-1

[Event "Biel"]
[Site "30"]
[Date "1997.07.23"]
[Round "3"]
[White "Anand, Viswanathan"]
[Black "Gelfand, Boris"]
[Result "1-0"]
[WhiteElo "2765"]
[BlackElo "2695"]
[Annotator "JvR"]
[PlyCount "73"]
[EventDate "1997.07.20"]
[SourceDate "2013.10.27"]

1. e4 c5 2. Nf3 d6 3. d4 cxd4 4. Nxd4 Nf6 5. Nc3 a6 6. Be3 Ng4 7. Bg5 h6 8. Bh4
g5 9. Bg3 Bg7 10. Qd2 Nc6 11. Nb3 f5 12. exf5 Bxf5 13. h4 Qd7 $5 14. O-O-O ({
More solid is} 14. Be2 $1) 14... Nb4 $1 15. Nd4 Rc8 16. a3 $2 Rxc3 $2 (16...
Bxd4 $1 17. Qxd4 Nxc2 18. Qg7 {should win for White, according to Anand, but}
Qe6 $1 19. Qxh8+ Kf7 $1 {wins for Black!}) 17. bxc3 Qa4 18. Kb2 $1 Nd5 $5 19.
hxg5 hxg5 20. Qxg5 $5 ({Even better is} 20. Nxf5 $1 Bxc3+ 21. Qxc3 Nxc3 22.
Rxh8+) 20... Bxd4 21. Rxh8+ Bxh8 22. Qh5+ Kd8 23. Qxh8+ Kd7 24. Rd2 Ngf6 25. c4
Nc3 26. f3 $2 ({Correct is} 26. Bd3 Nce4 27. Rd1) 26... Nd1+ $1 27. Kc1 Ne3 {
Suddenly, the chances are equal.} 28. Bxd6 Nxf1 $2 (28... exd6 $1 29. Qxf6
Qxa3+ 30. Kb1 Qb4+ 31. Kc1 Qa3+ {leads to perpetual check (Anand).}) 29. Qf8 $1
Nd5 30. Bxe7 $1 Nxd2 31. Qd8+ Ke6 32. cxd5+ Ke5 33. Qd6+ Kd4 34. Qc5+ Ke5 35.
Qd6+ Kd4 36. Qf4+ Ne4 37. Qxf5 {Anand scored a spectacular victory.} 1-0

[Event "Biel"]
[Site "30"]
[Date "1997.07.23"]
[Round "3"]
[White "Karpov, Anatoly"]
[Black "Lautier, Joel"]
[Result "1-0"]
[WhiteElo "2745"]
[BlackElo "2660"]
[Annotator "JvR"]
[PlyCount "79"]
[EventDate "1997.07.20"]
[SourceDate "2013.10.27"]

1. d4 Nf6 2. c4 e6 3. Nf3 d5 4. Nc3 dxc4 5. e4 Bb4 6. Bg5 c5 7. Bxc4 cxd4 8.
Nxd4 Bxc3+ 9. bxc3 Qa5 10. Nb5 Nxe4 11. Bf4 O-O 12. O-O Bd7 $5 (12... Nd7 {
happened in Karpov - Timman, Indonesia 1993.}) 13. a4 Bc6 14. Qg4 Nf6 15. Qe2
a6 $5 16. Nc7 Ra7 $6 ({Better is} 16... Nh5 $1 17. Be5 Nd7) 17. Qe3 b6 18. Nxe6
$1 Nd5 ({The pointe is} 18... fxe6 19. Bxb8 Rxb8 20. Qxe6+ Kh8 21. Qxc6 Qxc3 {
and White has a plus (Karpov).}) 19. Qg3 fxe6 20. Bxb8 Raf7 21. Bd6 Re8 22.
Rfe1 Kh8 23. Be5 Nf6 24. Bd4 Ne4 $5 25. Qh4 $1 Nd6 26. Bd3 $6 ({Karpov mentions
} 26. Re5 $5 Nxc4 27. Rxa5 bxa5) 26... Nf5 27. Qh5 Kg8 28. Re5 b5 29. Rae1 g6
30. Qe2 Nxd4 31. cxd4 Qd8 $2 (31... Ref8 32. f3 Qxa4 33. Qb2 Rd7 34. Rxe6 {
equalises.}) 32. axb5 axb5 33. Qe3 Ref8 34. Re2 $5 Rf4 35. Rxe6 Rxd4 $5 36. Bc2
Rd6 $5 37. Bb3 Kh8 38. Qc3+ Rf6 39. Rxd6 Qxd6 40. Re6 $1 {
Karpov gains material. Both stars had made two wins.} 1-0

[Event "Biel"]
[Site "30"]
[Date "1997.07.26"]
[Round "5"]
[White "Anand, Viswanathan"]
[Black "Pelletier, Yannick"]
[Result "1-0"]
[WhiteElo "2765"]
[BlackElo "2465"]
[Annotator "JvR"]
[PlyCount "73"]
[EventDate "1997.07.20"]
[SourceDate "2013.10.27"]

1. e4 c5 2. Nf3 d6 3. d4 cxd4 4. Nxd4 Nf6 5. Nc3 Nc6 6. Bg5 e6 7. Qd2 Be7 8.
O-O-O Nxd4 9. Qxd4 a6 10. f3 Qc7 $5 11. g4 b5 12. Qd2 O-O 13. Ne2 $5 Rd8 14. h4
Bb7 15. Kb1 Rab8 16. Bg2 b4 17. Nd4 a5 18. h5 a4 $1 {
Both sides attack and defend well.} 19. Be3 Nd7 20. g5 Ne5 21. b3 Ba6 $6 (21...
d5 $1 {(Anand)} 22. g6 dxe4 23. gxh7+ Kxh7 {favours Black.}) 22. g6 Bf6 $2 ({
Better is} 22... hxg6 23. f4 g5 $1) 23. gxf7+ $1 Qxf7 24. Bh3 Re8 $2 (24...
axb3 25. axb3 {(Anand)} (25. Bxe6 $2 bxa2+ 26. Bxa2 Bc4) 25... Bc8 $1 {
defends properly.}) 25. f4 $1 Nd7 26. e5 $1 dxe5 27. Bxe6 $1 Rxe6 28. Nxe6 {
Knight d7 lies under attack.} axb3 29. axb3 exf4 30. Nxf4 $1 Ra8 31. Bd4 Ne5
32. Bxe5 Bxe5 33. Qd8+ $1 Rxd8 34. Rxd8+ Qf8 35. Rxf8+ Kxf8 36. Nd5 Bd6 37. Rh4
$1 {Anand took the lead at the end of the first cycle.} 1-0